000 00373nam a22001217a 4500
008 230620b xxu||||| |||| 00| 0 eng d
082 _a324.95
_b ECI
110 _bElection Commission of India
_d2004
245 _aModel Code of conduct for the guidance of political parties and candidates
260 _bElection Commission of India
_c2004
300 _a8p
942 _2ddc
_cBK
999 _c1932
_d1932